Recopilación de leyes en materia de familia (Registro nro. 8458)

Detalles MARC
000 -CABECERA
Longitud fija campo de control 00724cam a2200241 a 4500
001 - NÚMERO DE CONTROL
Número de control 16584534
003 - IDENTIFICADOR DELl NÚMERO DE CONTROL
Identificador del número de control OSt
005 - FECHA Y HORA DE LA ÚLTIMA TRANSACCIÓN
Fecha y hora de la última transacción 20140408164316.0
008 - CÓDIGOS DE INFORMACIÓN DE LONGITUD FIJA
Códigos de información de longitud fija 101216s2010 slv spa
040 ## - FUENTE DE LA CATALOGACIÓN
Centro catalogador de origen DLC
Centro transcriptor BMC
082 ## - NÚMERO DE LA CLASIFICACIÓN DECIMAL DEWEY
Númeroo de clasificación 346.0157284
082 ## - NÚMERO DE LA CLASIFICACIÓN DECIMAL DEWEY
Númeroo de clasificación 306.857284026
110 1# - PUNTO DE ACCESO PRINCIPAL-NOMBRE DE ENTIDAD CORPORATIVA
9 (RLIN) 15018
Nombre de entidad corporativa o nombre de jurisdicción como elemento inicial El Salvador
Título de la obra Leyes, etc., familiares
245 10 - MENCIÓN DE TÍTULO
Título Recopilación de leyes en materia de familia
Número de parte o sección de la obra III
Mención de responsabilidad, etc. compilador, Luis Vásquez López
250 ## - MENCIÓN DE EDICIÓN
Mención de edición 14ª ed
260 ## - PUBLICACIÓN, DISTRIBUCIÓN, ETC. (PIE DE IMPRENTA)
Lugar de publicación, distribución, etc. San Salvador
Nombre del editor, distribuidor, etc. Lis
Fecha de publicación, distribución, etc. 2010
300 ## - DESCRIPCIÓN FÍSICA
Extensión 620 p.
Dimensiones 25 cm
500 ## - NOTA GENERAL
Nota general Faltan tomo I y II
650 24 - PUNTO DE ACCESO ADICIONAL DE MATERIA - TÉRMINO DE MATERIA
9 (RLIN) 6814
Término de materia o nombre geográfico como elemento inicial Derecho de familia
Subdivisión geográfica El Salvador
650 24 - PUNTO DE ACCESO ADICIONAL DE MATERIA - TÉRMINO DE MATERIA
9 (RLIN) 15033
Término de materia o nombre geográfico como elemento inicial Familia
Subdivisión geográfica El Salvador
Subdivisión de forma Legislación
700 1# - PUNTO DE ACCESO ADICIONAL - NOMBRE DE PERSONA
Nombre de persona Vásquez López, Luis
9 (RLIN) 5404
942 ## - ENTRADA DE ELEMENTOS AGREGADOS (KOHA)
Fuente de clasificaión o esquema Dewey Decimal Classification
Koha [por defecto] tipo de item 1- Monografias
Existencias
Suprimido Perdido Fuente de clasificación o esquema Estropeado Restricciones de uso No para préstamo Código de colección Localización permanente Localización actual Localización en estanter&íacute;as Fecha adquisición Fuente de adquisición Número de inventario Préstamos totales Signatura completa Código de barras Fecha última consulta Fecha último préstamo Coste, precio reemplazado Fecha del precio de reemplazo Tipo de item de Koha Renovaciones totales
NULL NULL Dewey Decimal Classification NULL Prestable NULL NULL Biblioteca Miguel de Cervantes - UNICAES Biblioteca Miguel de Cervantes - UNICAES Sala Principal 22/12/2010 Donación - Facultad de Ciencias y Humanidades 013510 1 346.015 ELS rec 1013510 14/03/2025 13/03/2025 24.00 25/03/2014 1- Monografias  
NULL NULL Dewey Decimal Classification NULL Prestable NULL NULL Biblioteca Miguel de Cervantes - UNICAES Biblioteca Miguel de Cervantes - UNICAES Sala Principal 22/12/2010 Donación - Facultad de Ciencias y Humanidades 014247   346.015 ELS rec 1014247 03/04/2014   24.00 03/04/2014 1- Monografias  
NULL NULL Dewey Decimal Classification NULL Prestable NULL NULL Biblioteca Miguel de Cervantes - UNICAES Biblioteca Miguel de Cervantes - UNICAES Sala Principal 22/12/2010 Donación - Facultad de Ciencias y Humanidades 014248 1 346.015 ELS rec 1014248 10/04/2025 07/03/2025 24.00 03/04/2014 1- Monografias 1